• 首页
  • 本馆介绍
  • 公告通知
  • 最新文献
  • 馆藏检索
  • 电子资源
  • 读者导购
  • 参考咨询
  • 我的图书馆
  • 登录
  • 详细信息显示
  • 放入我的书架
  • 预约/预借图书
  • 作者相关作品
  • 分类相关作品
  • 丛书相关作品
  • 出版社相关作品

书目信息

  • 表格格式
  • 工作单格式
  • 卡片格式
题名:
链球
    
 
作者: 室伏重信 著 ;李鸿江 译
分册:  
出版信息: 北京   人民体育出版社  2001
页数: 156页
开本: 19cm
丛书名: 青少年田径技术训练丛书
单 册:
中图分类: G824.42
科图分类:
主题词: 链球投掷--运动训练
电子资源:
ISBN: 7-5009-2128-4
000 00679nam2 2200229 45
001 0401270010
005 20040127071454.6
010    @a7-5009-2128-4@dCNY10.00
100    @a20040127d2001 km y0chiy0120 ea
101 0  @achi@cjpn
105    @aa z 000yy
200 1  @a链球@ALian Qiu@f(日)室伏重信著@F(Ri)Shi Fu Zhong Xin Zhu@g李鸿江等译
210    @a北京@c人民体育出版社@d2001
215    @a156页@c图@d19cm
225    @a青少年田径技术训练丛书
410    @12001 @a青少年田径技术训练丛书
606 0  @a链球投掷@x运动训练
690    @aG824.42@v4
701  0 @a室伏重信@4著
702  0 @a李鸿江@ALi Hong Jiang@4译
801    @aCN@bTSTCL@c20040127
905    @b332595@dG824.42@e53@f1
    
    链球/(日)室伏重信著/李鸿江等译.-北京:人民体育出版社,2001
    156页:图;19cm.-(青少年田径技术训练丛书)
    
    
    ISBN 7-5009-2128-4:CNY10.00
    
●
相关链接 在E读中查询图书 在五车中查询图书 在当当中查询图书 在豆瓣中查询图书


正题名:链球     索取号:G824.42/53         预约/预借

序号 登录号 条形码 馆藏地/架位号 状态 备注
1 0332595   203325954   第一样本阅览室/ [索取号:G824.42/53] 在馆    
唐山师范学院图书馆 欢迎您!
大连网信软件有限公司© 版权所有